Normal view
MARC view
Entry Personal Name
001 - CONTROL NUMBER
- control field: 533770
003 - CONTROL NUMBER IDENTIFIER
- control field: OSt
005 - DATE AND TIME OF LATEST TRANSACTION
- control field: 20220930074418.0
008 - FIXED-LENGTH DATA ELEMENTS
- fixed length control field: 220930|| aca||aabn | a|a d
040 ## - CATALOGING SOURCE
- Original cataloging agency: OSt
- Transcribing agency: OSt
100 ## - HEADING--PERSONAL NAME
- Personal name: Krishna H M
670 ## - SOURCE DATA FOUND
- Source citation: Work cat.: (OSt)866456: Krishna H M, Evaluation of bupivacaine - epinephrine test dose to confirm correct placement of caudal epidural injection in pediatric surgical patients, 2002
